000 00319nam a22001457a 4500
008 210305b ||||| |||| 00| 0 eng d
020 _a9780176406554
041 _aeng
080 _a159.9
082 _a159.9
100 _a48
101 _aPSI
245 _aDevelopmental Psychology
_cHensch, S.A
942 _2udc
_cBK
999 _c55831
_d55831